000 00669nam a2200241Ia 4500
003 OSt
005 20220918210430.0
006 a|||||r|||| 00| 0
007 ta
008 220917b |||||||| |||| 00| 0 eng d
024 _a120,498
037 _cTextual
040 _aARTS
_cARTS
_beng
041 _2eng
_aeng
082 _aV7387.3Y.M, F6
100 _aPlummer Edward Clarence
_9118213
245 0 _aReminscences of a Yarmouth school boy
260 _aPortland
_bMarks Printings House
_c1926
300 _a263p. plates
_ccm.
650 _aHISTORY
942 _hV7387.3Y.M, F6
_cTEXL
_2CC
999 _c243756
_d243756